000 01037nam a2200241 a 4500
001 85878
003 BD-RjUL
005 20251021125515.0
008 251021s20232021bg ||||| |||| 00| 0 eng d
020 _a9789849589624 :
_cTk.240.00
035 _a(BD-RjUL)85878
040 _aBD-RjUL
_beng
_cBD-RjUL
041 _aben
082 _223
_a891.443
_bTAS 2023
100 _aঠাকুর, রবীন্দ্রনাথ
245 _aশেষের কবিতা /
_cরবীন্দ্রনাথ ঠাকুর; ভূমিকা ও সম্পাদনা মো. আসাদুজ্জামান খান
260 _aঢাকা :
_bসূর্দোয় প্রকাশন,
_c২০২১, [মুদ্রণ২০২৩]
300 _a১৪৩ পৃ.;
_c২২ সেমি.
650 _aবাংলা সাহিত্য
_xউপন্যাস
650 _aBengali Literature
_xNovels
_99095
700 _aখান, মো. আসাদুজ্জামান
_97589
942 _2ddc
_cBK
999 _c85878
_d85878